|
|
|
|
| LEADER |
00000nam0a2200000 4500 |
| 001 |
151355 |
| 005 |
20231031150622.0 |
| 010 |
|
|
|a 5256001213
|
| 035 |
|
|
|a (RuTPU)RU\TPU\book\164099
|
| 090 |
|
|
|a 151355
|
| 100 |
|
|
|a 20090122d1988 m y0rusy50 ca
|
| 101 |
0 |
|
|a rus
|
| 102 |
|
|
|a RU
|
| 105 |
|
|
|a a j 001zy
|
| 200 |
1 |
|
|a Проектирование и техническая эксплуатация сетей передачи дискрекных сообщений
|e учебное пособие
|f под ред. Г. П. Захарова
|
| 210 |
|
|
|a Москва
|c Радио и связь
|d 1988
|
| 215 |
|
|
|a 360 с.
|c ил.
|
| 320 |
|
|
|a Библиогр.: с. 356.
|
| 610 |
1 |
|
|a дискретные сообщения
|
| 610 |
1 |
|
|a сети
|
| 610 |
1 |
|
|a передача
|
| 610 |
1 |
|
|a проектирование
|
| 610 |
1 |
|
|a техническая эксплуатация
|
| 610 |
1 |
|
|a учебные пособия
|
| 675 |
|
|
|a 621.394(075)
|v 3
|
| 702 |
|
1 |
|a Захаров
|b Г. П.
|g Григорий Павлович
|4 340
|
| 801 |
|
1 |
|a RU
|b 63413507
|c 20090122
|g PSBO
|
| 801 |
|
2 |
|a RU
|b 63413507
|c 20100302
|g RCR
|
| 942 |
|
|
|c BK
|